000 04035cam a22005174i 4500
003 PE-LiUPU
005 20250731183427.0
008 150706s2008 pe a r 000 0 d
020 _a9789972931284
035 _a(Sirsi) i9789972931284
040 _aPE-LiUPU
_bspa
_cPE-LiUPU
_erda
049 _aPRUA
082 0 4 _a793.3
_bV65
_221
082 0 4 _a792.8
_bV65 2008
100 1 _aVilcapoma, José Carlos ,
_eautor.
245 1 3 _aLa danza a través del tiempo :
_ben el mundo y en los andes (un enfoque antropológico) /
_cJosé Carlos Vilcapoma.
264 1 _aLima :
_bAsamblea Nacional de Rectores,
_c2008.
300 _a488 páginas :
_bilustraciones, color ;
_c24 centímetros
336 _atext
_2rdacontent
337 _aunmediated
_2rdamedia
338 _avolume
_2rdacarrier
505 0 _aDe las profundidades A América -- Danza en Las Américas -- Del Paleolítico al Neolítico -- La Danza Circular -- La danza documentada en el Paleolítico -- La danza en el Mesolítico.- La danza en el Neolítico -- Danza y elementos cosmogónicos -- La danza en la metalurgia y el chamanismo -- La Danza en la Civilización -- La gran Mesopotamia -- Egipto. El enigma de la danza fúnebre -- Grecia. La perfección de la danza -- Roma -- Asia. Encuentro con los dioses -- América del Norte. Supervivencia de las danzas astrales -- Centro América. Danzas mayas precortesianas -- Herencia y descendencia hispana -- Danza de nuestra historia -- Del prehispánico a nuestros días -- La danza prehispánica según algunos cronistas -- La danza en el antiguo Perú -- Danzas y cantos del Perú antiguo -- Danzas de los andes -- Etnografía danzaría -- Danza del Sumile en Parinacochas -- Teoría de la danza -- Los clásicos de la interpretación -- Curt Sachs y su teoría de la danza -- Margaret Mead y la antropología estética -- La danza en el folklore -- La danza en la ciencia del Folklore -- Festividades -- El rito -- La danza -- La danza en el folklore -- Pautas metodológicas para el análisis. Un ejemplo: El Chiple -- Baile -- La proyección del hecho folklórico -- Entre el teatro y el neofolklore.
526 _aP158
526 _aP146
526 _aP17
526 _aP12
526 _aP06
650 0 4 _aDanza
_xHistoria.
650 0 4 _aDanzas folclóricas peruanas.
910 _bjv
_cng
_d20110405
910 _tqv
_d20171019
942 _2ddc
_cBOOK
949 _a793.3 V65
_wDEWEY
_c1
_i62720
_lCCODEBUL1
_mBUL
_p15.00
_r0
_sY
_tBOOK
_u2015-7-6
_xEDUCACION
_zUNKNOWN
_0COMPRA
_o.STAFF. Colección General
949 _a793.3 V65
_wDEWEY
_c2
_i62719
_lCCODEBUL1
_mBUL
_p15.00
_r0
_sY
_tBOOK
_u2015-7-6
_xEDUCACION
_zUNKNOWN
_0COMPRA
_o.STAFF. Colección General
949 _a792.8 V65 2008
_wDEWEY
_c1
_iFJ09044
_lCCODEBUJ1
_mBUJ
_p15.00
_r0
_sY
_tBOOK
_u2017-10-19
_xEDUCACION
_zUNKNOWN
_0COMPRA
_o.STAFF. Colección General Juliaca
949 _a792.8 V65 2008
_wDEWEY
_c2
_iFJ09045
_lCCODEBUJ1
_mBUJ
_p15.00
_r0
_sY
_tBOOK
_u2017-10-19
_xEDUCACION
_zUNKNOWN
_0COMPRA
_o.STAFF. Colección General Juliaca
994 _aC0
_bPEPRU
596 _a1 3
999 _a793.3 V65
_wDEWEY
_c51801
_i62720
_f2021-11-5
_g5
_lCCODEBUL1
_mBUL
_p15.00
_r0
_sY
_tBOOK
_u2015-7-6
_xBIBLIOTECA
_zUNKNOWN
_0COMPRA
_o.STAFF. Colección General
_d51801
999 _a793.3 V65
_wDEWEY
_c2
_i62719
_f2021-11-5
_g5
_lCCODEBUL1
_mBUL
_p15.00
_r0
_sY
_tBOOK
_u2015-7-6
_xBIBLIOTECA
_zUNKNOWN
_0COMPRA
_o.STAFF. Colección General
999 _a792.8 V65 2008
_wDEWEY
_c1
_iFJ09044
_f2022-2-2
_g2
_lCCODEBUJ1
_mBUJ
_p15.00
_r0
_sY
_tBOOK
_u2017-10-19
_xEDUCACION
_zUNKNOWN
_0COMPRA
_o.STAFF. Colección General Juliaca
999 _a792.8 V65 2008
_wDEWEY
_c2
_iFJ09045
_f2022-2-2
_g2
_lCCODEBUJ1
_mBUJ
_p15.00
_r0
_sY
_tBOOK
_u2017-10-19
_xEDUCACION
_PP14
_0COMPRA
_o.STAFF. Colección General Juliaca
980 _81
_gALBERTO SANCHEZ Responsable de Automatización